| 000 | 00469nam a2200169Ia 4500 | ||
|---|---|---|---|
| 008 | 210716s2011 xx 000 0 und d | ||
| 020 | _a9788122420241 | ||
| 041 | _aeng | ||
| 082 | _a005.1331 ASTA | ||
| 100 | _aAsthana, Ankit;Asthana, RGS. | ||
| 245 |
_aC++: for beginners masters. _bFor beginners masters. |
||
| 250 | _a1 | ||
| 260 |
_aNew Delhi _bNew Age International Pvt Ltd _c2011 |
||
| 300 | _axiv,624 | ||
| 650 | _aC++ Progamming | ||
| 700 | _aAsthana, RGS. | ||
| 999 |
_c197367 _d197367 |
||